National Football Team Of The Year - Easy Version - Statistics

General Stats
  • This quiz has been taken 254 times
    179 since last reset
  • The average score is 34 of 50
Answer Stats
Teams % Correct
Argentina
99%
Brazil
99%
France
99%
Spain
97%
United States
96%
Australia
95%
Japan
95%
Mexico
95%
England
94%
Italy
94%
Egypt
93%
Germany
92%
Portugal
92%
South Korea
89%
New Zealand
87%
Colombia
86%
Senegal
86%
Uruguay
86%
Chile
82%
Morocco
81%
South Africa
81%
Cameroon
80%
Netherlands
79%
Nigeria
79%
Algeria
78%
Ghana
78%
Greece
71%
Denmark
69%
Iran
69%
Ivory Coast
67%
Sweden
63%
Yugoslavia
61%
Paraguay
60%
Costa Rica
59%
Tunisia
59%
Hungary
57%
Soviet Union
57%
Austria
55%
Iraq
55%
Norway
51%
Czech Republic
48%
West Germany
45%
Czechoslovakia
44%
Qatar
42%
Uganda
18%
Oman
16%
Tahiti
14%
Uzbekistan
9%
Mauritania
8%
New Caledonia
7%
No matching quizzes found
Score Distribution
Percent of People with Each Score
Percentile by Number Answered
Your Score History
You have not taken this quiz since the last reset